000 01071nam0a22002771 4500
001 rc\463354
005 20030616172034.3
035 _a(NLR Aleph) 005707619
090 _a7343820
_c7343820
100 _a20030616d1987 u |0rusy50 ca
101 0 _arus
102 _aRU
105 _ay |||||||||
200 1 _aЗАГОТОВКА, хранение и использование кормов
_f[Г.Т. Клиценко, Н.М. Карпусь, А.В. Малиенко и др.
_gРедкол.: В.К. Соломаха (пред.) и др.]
210 _aКиев
_cУрожай
_d1987
215 _a334, [1] с.
_d17
225 1 _aЛитература для кабинета зоотехника
300 _aАвт. указаны на обороте тит. л.
320 _aБиблиогр.: с. 325-333 (122 назв.)
701 1 _aКлиценко
_bГ. Т.
_gГригорий Тимофеевич
702 1 _aСоломаха
_bВ. К.
_4340
801 0 _aRU
_bNLR
_gpsbo
801 1 _aRU
_bELAR
_2rusmarc
852 _aNLR
_j87-2/2131
942 _cBOOK
980 _aNB